Top 10 buteurs équipe de France - Mort subite - Statistiques

Statistiques générales
  • Ce quiz a été pris 256 fois
  • Le résultat moyen est 8 sur 10
Answers on the Grid
Answers color-coded by a green-red scale on the quiz's grid according to % correct below.
Olivier Giroud
Thierry Henry
Kylian Mbappé
Antoine Griezmann
Michel Platini
Karim Benzema
David Trezeguet
Zinédine Zidane
Just Fontaine
Jean-Pierre Papin
Sylvain Wiltord
Jean Baratte
Éric Cantona
Laurent Blanc
Emmanuel Petit
Raymond Kopa
Youri Djorkaeff
François Heute
Paul Pogba
Jean Nicolas
 
Statistiques - réponses
Réponse % Correct
Olivier Giroud
99%
Kylian Mbappé
97%
Thierry Henry
97%
Antoine Griezmann
92%
Michel Platini
79%
Karim Benzema
72%
Zinédine Zidane
71%
David Trezeguet
55%
Just Fontaine
54%
Jean-Pierre Papin
51%
Aucun quiz correspondant
Distribution des résultats
% des personnes avec chaque résultat
Percentile par nombre de réponses
Votre historique - résultats
Vous n’avez pas pris ce quiz